000 00840nam a2200253Ia 4500
003 OSt
005 20221005091623.0
006 a|||||r|||| 00| 0
007 ta
008 221004b |||||||| |||| 00| 0 eng d
020 _a0312239009 (hbk)
_c7254.22
024 _a25438
037 _b107196, 22/01/2016, International Book Distributors
_cTextual
040 _aCRL
_cCRL
_beng
041 _2eng
_aeng
082 _aO111972(Y15),3:gN, P3
100 _aHowells Coral Ann
245 0 _aContemporary canadian women's fiction
_b Refiguring identities
260 _aNew York
_bPalgrave U.S.A.
_c2003
300 _ax, 230p.
_ccm.
650 _aENGLISH LITERATURE
942 _hO111972(Y15),3:gN, P3
_cTEXL
_2cc
999 _c997550
_d997550